ბათუმის შოთა რუსთაველის სახელმწიფო უნივერსიტეტის ბიბლიოთეკა

Химический метод защиты растении от болезней (ბიბ.ჩანაწერი № 45846)

000 -LEADER
fixed length control field 00663nam a2200217Ia 4500
001 - CONTROL NUMBER
control field 12675
003 - CONTROL NUMBER IDENTIFIER
control field GE_BSU
008 - FIXED-LENGTH DATA ELEMENTS--GENERAL INFORMATION
fixed length control field 181216s||||||||xx |||||||||||||| ||und||
040 ## - CATALOGING SOURCE
Transcribing agency GE_BSU
080 ## - UNIVERSAL DECIMAL CLASSIFICATION NUMBER
Universal Decimal Classification number 632.934(072)
100 ## - MAIN ENTRY--PERSONAL NAME
Personal name Поляков,И.М.
245 ## - TITLE STATEMENT
Title Химический метод защиты растении от болезней
245 ## - TITLE STATEMENT
Statement of responsibility, etc. Ред.Л.Н.Жданова
260 ## - PUBLICATION, DISTRIBUTION, ETC.
Place of publication, distribution, etc. Ленинград
260 ## - PUBLICATION, DISTRIBUTION, ETC.
Name of publisher, distributor, etc. Колос
260 ## - PUBLICATION, DISTRIBUTION, ETC.
Date of publication, distribution, etc. 1971
300 ## - PHYSICAL DESCRIPTION
Extent 165стр.20см.
300 ## - PHYSICAL DESCRIPTION
Accompanying material Приложение с.124-164
653 ## - INDEX TERM--UNCONTROLLED
Uncontrolled term Химический метод защиты растении от болезней
942 ## - ADDED ENTRY ELEMENTS (KOHA)
Koha item type წიგნი
ეგზემპლარები
Withdrawn status Lost status Damaged status Not for loan Date acquired Barcode Date last seen Price effective from Koha item type
        2018-12-17 20948 2018-12-17 2018-12-17 წიგნი